00640nam a22002055i 4500001000700000003000900007005001700016008004100033020001800074080002500092080002400117100002900141245007800170260004300248300004500291490002000336600002200356830002000378852003600398175955ES-MaACL20230906215942.0101202s1975 sp f |||| | spa d a84-387-0007-1 a929 Schumann, Robert a78 Schumann, Robert1 aRuiz Tarazona, Andrés.10aRobert Schumann b: de la lucidez a la locura / cAndrés Ruiz Tarazona. aMadrid : bReal Musical, cD. L. 1975. a88, [4] p. de lám. bl. y n. ; c16 cm.1 aMúsicos ; v804aSchumann, Robert.0 aMúsicos ; v8 aES-MaACLj2268-F-8 xOlim P-102